[Event "4NCL/Div3/WES2 vs. MKE"]
[Site "Telford ENG"]
[Date "2003.03.08"]
[Round "5.5"]
[White "Hopkins, Jamie R"]
[Black "Kendall, Paul SW"]
[Result "1/2-1/2"]
[WhiteElo "2032"]
[BlackElo "1928"]
[PlyCount "49"]
[EventDate "2003.03.08"]

1. f4 e5 2. fxe5 d6 3. exd6 Bxd6 4. Nf3 g5 5. g3 g4 6. Nh4 Ne7 7. Nc3 Ng6 8.
Nxg6 hxg6 9. Ne4 Be7 10. e3 Nc6 11. Bg2 Be6 12. Nf2 Qd7 13. d4 O-O-O 14. c3 f5
15. e4 fxe4 16. Bxe4 Bf5 17. Bxf5 gxf5 18. Bf4 Bf6 19. Qd2 Rde8+ 20. Kd1 Qd5
21. Kc2 Rh7 22. Nd3 Bxd4 23. Rhe1 Rhe7 24. Rxe7 Rxe7 25. Re1 1/2-1/2

[Event "4NCL/Div3/WES2 vs. MKE"]
[Site "Telford ENG"]
[Date "2003.03.08"]
[Round "5.6"]
[White "Valentine, Brian J"]
[Black "Pleasants, Allan J"]
[Result "1-0"]
[WhiteElo "1952"]
[BlackElo "2000"]
[PlyCount "45"]
[EventDate "2003.03.08"]

1. e4 c6 2. d4 g6 3. Nc3 Bg7 4. f4 d5 5. e5 Nh6 6. Be3 f6 7. Qd2 O-O 8. O-O-O
Be6 9. Nf3 Nd7 10. Kb1 Rc8 11. Be2 Nb6 12. h4 Nc4 13. Bxc4 dxc4 14. h5 Ng4 15.
Bg1 Qa5 16. hxg6 hxg6 17. Qe2 Rfe8 18. Nh4 b5 19. d5 cxd5 20. Rxd5 Bxd5 21.
Qxg4 Be4 22. Be3 g5 23. fxg5 1-0

[Event "4NCL/Div3/WES2 vs. MKE"]
[Site "Telford ENG"]
[Date "2003.03.08"]
[Round "5.7"]
[White "Keddie, Dave A"]
[Black "Shaw, John S"]
[Result "1/2-1/2"]
[WhiteElo "2000"]
[BlackElo "1832"]
[PlyCount "42"]
[EventDate "2003.03.08"]

1. e4 c5 2. c3 d5 3. exd5 Qxd5 4. d4 Nc6 5. Nf3 Bg4 6. Be2 cxd4 7. cxd4 e6 8.
O-O Nf6 9. Nc3 Qd7 10. Be3 Be7 11. Qa4 O-O 12. Rfd1 Rfd8 13. h3 Bf5 14. Nh4 Bg6
15. Nxg6 hxg6 16. Bf3 Nd5 17. Nxd5 exd5 18. Rac1 Ne5 19. Qxd7 Nxf3+ 20. gxf3
Rxd7 {=} 21. Bf4 Rad8 1/2-1/2

[Event "4NCL/Div3/WES2 vs. MKE"]
[Site "Telford ENG"]
[Date "2003.03.08"]
[Round "5.8"]
[White "Wilcox, Charlotte"]
[Black "Norman, Dinah"]
[Result "1/2-1/2"]
[WhiteElo "1528"]
[BlackElo "2021"]
[PlyCount "45"]
[EventDate "2003.03.08"]

1. e4 c6 2. Nc3 d5 3. Nf3 Bg4 4. h3 Bxf3 5. Qxf3 e6 6. d3 Nd7 7. Qd1 Bd6 8. Be2
Ne7 9. d4 dxe4 10. Nxe4 Bc7 11. O-O Nd5 12. c4 Nf4 13. Bxf4 Bxf4 14. d5 exd5
15. cxd5 O-O 16. dxc6 bxc6 17. Qc2 Qb6 18. Rad1 Rad8 19. Rfe1 Nb8 20. Bc4 Rxd1
21. Rxd1 Be5 22. b3 h6 23. Qe2 1/2-1/2

[Event "4NCL/Div3/MIN vs. SCS"]
[Site "Telford ENG"]
[Date "2003.03.08"]
[Round "5.1"]
[White "Radovanovich, Jovica"]
[Black "Clark, Stephen P"]
[Result "1/2-1/2"]
[WhiteElo "2280"]
[BlackElo "2107"]
[PlyCount "46"]
[EventDate "2003.03.08"]

1. e4 c6 2. Nc3 d5 3. Nf3 Bg4 4. h3 Bxf3 5. Qxf3 Nf6 6. g3 e6 7. Bg2 Nbd7 8.
Qe2 dxe4 9. Nxe4 Nxe4 10. Qxe4 Nf6 11. Qe2 Be7 12. O-O O-O 13. b3 Nd5 14. Bb2
Bf6 15. Be5 Bxe5 16. Qxe5 Nb4 17. Qc3 Nd5 18. Qb2 Qf6 19. Qxf6 Nxf6 20. Rfd1
Rfd8 21. Kf1 Rd4 22. d3 Nd5 23. Bxd5 Rxd5 1/2-1/2

[Event "4NCL/Div3/MIN vs. SCS"]
[Site "Telford ENG"]
[Date "2003.03.08"]
[Round "5.2"]
[White "Lutton, J Ezra"]
[Black "Stirling, William J"]
[Result "1-0"]
[WhiteElo "2107"]
[BlackElo "2174"]
[PlyCount "79"]
[EventDate "2003.03.08"]

1. Nc3 c5 2. e4 Nc6 3. f4 g6 4. Nf3 Bg7 5. Bb5 Nd4 6. Bd3 d6 7. Nxd4 cxd4 8.
Ne2 Nf6 9. c3 dxc3 10. bxc3 O-O 11. Bc2 b6 12. O-O Bb7 13. d3 Qc7 14. Qe1 Rac8
15. Rb1 Nd7 16. Rb3 Nc5 17. Ra3 b5 18. f5 a5 19. Kh1 b4 20. cxb4 axb4 21. Qxb4
Na6 22. Qc4 Qxc4 23. dxc4 Rxc4 24. Bd3 Rc6 25. Bg5 Nc5 26. Bxe7 Bb2 27. Ra7 Re8
28. Bb5 Rec8 29. Bxc6 Bxc6 30. fxg6 fxg6 31. Ng3 Be5 32. Bg5 Bxg3 33. Bf6 Nxe4
34. Rg7+ Kf8 35. Bd4+ Nf2+ 36. Kg1 Be5 37. Bxe5 dxe5 38. Ra7 Bd5 39. Rxf2+ Kg8
40. Rd2 1-0

[Event "4NCL/Div3/MIN vs. SCS"]
[Site "Telford ENG"]
[Date "2003.03.08"]
[Round "5.3"]
[White "Muter, Donny"]
[Black "Lutton, E Josiah"]
[Result "1/2-1/2"]
[WhiteElo "2085"]
[BlackElo "2042"]
[PlyCount "81"]
[EventDate "2003.03.08"]

1. d4 e6 2. c4 Nf6 3. Nc3 Bb4 4. e3 b6 5. Bd3 Bb7 6. f3 c5 7. Nge2 Nc6 8. Qc2
d5 9. a3 cxd4 10. axb4 dxc3 11. bxc3 dxc4 12. Bxc4 O-O 13. Nd4 Nd5 14. O-O Nxd4
15. exd4 Nxb4 16. Qb3 Nd5 17. Ba3 Ne3 18. Rfe1 Qg5 19. g3 Nxc4 20. Qxc4 Rfc8
21. Qd3 Qd5 22. Re3 Rc4 23. Bb2 a5 24. Kf2 b5 25. Qe4 Qxe4 26. fxe4 a4 27. Ba3
h6 28. Rb1 Rac8 29. Bc5 Bc6 30. e5 Ra8 31. Ra1 a3 32. Rxa3 Rxa3 33. Bxa3 Ra4
34. Bb4 Bd5 35. g4 Kh7 36. Re2 Bc4 37. Rd2 Ra1 38. h3 Kg6 39. Kg3 Bd5 40. Rf2
Rg1+ 41. Kh2 1/2-1/2

[Event "4NCL/Div3/MIN vs. SCS"]
[Site "Telford ENG"]
[Date "2003.03.08"]
[Round "5.4"]
[White "Partington, Anna G"]
[Black "Hardman, Michael J"]
[Result "1/2-1/2"]
[WhiteElo "2072"]
[BlackElo "2135"]
[PlyCount "42"]
[EventDate "2003.03.08"]

1. d4 Nf6 2. Nf3 d6 3. Nc3 g6 4. e4 Bg7 5. Be3 O-O 6. Qd2 c6 7. Bd3 Nbd7 8. Bh6
e5 9. Bxg7 Kxg7 10. Rd1 Qe7 11. O-O Nh5 12. dxe5 dxe5 13. Ne2 Nc5 14. Qc3 Nxd3
15. Rxd3 f6 16. Rfd1 Be6 17. Rd6 Rad8 18. Qa3 Rxd6 19. Rxd6 Rd8 20. Rxd8 Qxd8
21. Nc3 a5 1/2-1/2

[Event "4NCL/Div3/MIN vs. SCS"]
[Site "Telford ENG"]
[Date "2003.03.08"]
[Round "5.5"]
[White "Parker, Robert"]
[Black "Habibi, Amir"]
[Result "1/2-1/2"]
[WhiteElo "2115"]
[BlackElo "2053"]
[PlyCount "35"]
[EventDate "2003.03.08"]

1. Nf3 Nf6 2. c4 b6 3. g3 Bb7 4. Bg2 e6 5. O-O d6 6. Nc3 Be7 7. d3 Nbd7 8. b4
O-O 9. Bb2 Re8 10. Qc2 c5 11. a3 d5 12. cxd5 Nxd5 13. Nxd5 Bxd5 14. b5 Rc8 15.
Nd2 Nf6 16. Nc4 Bxg2 17. Kxg2 Nd5 18. Ne5 1/2-1/2

[Event "4NCL/Div3/MIN vs. SCS"]
[Site "Telford ENG"]
[Date "2003.03.08"]
[Round "5.6"]
[White "Heaton, Robert"]
[Black "Hawkins, J Nick"]
[Result "0-1"]
[WhiteElo "1856"]
[BlackElo "2067"]
[PlyCount "74"]
[EventDate "2003.03.08"]

1. d4 Nf6 2. Bg5 d5 3. e3 Bf5 4. Bd3 Bxd3 5. Qxd3 c6 6. Nd2 e6 7. Ngf3 Be7 8.
O-O-O Nbd7 9. Kb1 O-O 10. h3 b5 11. g4 a5 12. Bxf6 Bxf6 13. h4 e5 14. g5 e4 15.
Qf1 Be7 16. Nh2 f5 17. f3 Qc7 18. Qh3 Bd6 19. Nhf1 Rae8 20. f4 Nb6 {=} 21. Ng3
Qd7 22. Ne2 a4 23. Ka1 b4 24. Rc1 Nc4 25. Nxc4 dxc4 26. c3 b3 27. Qf1 a3 28.
Ng3 axb2+ 29. Kxb2 Ba3+ 30. Kb1 bxa2+ 31. Kxa2 Bxc1 32. Qxc4+ Kh8 33. Rxc1 Qb7
34. Qb3 Qa6+ 35. Qa3 Qc4+ 36. Qb3 Ra8+ 37. Kb2 Rfb8 0-1

[Event "4NCL/Div3/MIN vs. SCS"]
[Site "Telford ENG"]
[Date "2003.03.08"]
[Round "5.7"]
[White "Twitchell, Neville H"]
[Black "Bennett, Kyle"]
[Result "1-0"]
[WhiteElo "2020"]
[BlackElo "1824"]
[PlyCount "133"]
[EventDate "2003.03.08"]

1. e4 Nc6 2. d4 d5 3. Nc3 Nf6 4. e5 Nd7 5. Nxd5 Ndb8 6. Nc3 Qxd4 7. Nf3 Qxd1+
8. Nxd1 Bf5 9. Ne3 Bg6 10. h4 h6 11. Bd2 e6 12. O-O-O a6 13. Bc3 Nd7 14. Bd3
Bxd3 15. cxd3 O-O-O 16. d4 Nb6 17. h5 Nb4 18. Bxb4 Bxb4 19. a3 Be7 20. b4 Nd5
21. Nxd5 Rxd5 22. Kc2 a5 23. Kc3 Rhd8 24. Rh3 f6 25. Rg3 fxe5 26. Rxg7 exd4+
27. Kc4 b5+ 28. Kb3 a4+ 29. Kb2 Bf8 30. Rg6 e5 31. Nd2 R5d6 32. Ne4 Rxg6 33.
hxg6 Kd7 34. Rc1 Bd6 35. Rh1 Bf8 36. g3 Ke6 37. Rh5 d3 38. Kc1 Rd4 39. f3 Rc4+
40. Kd1 c6 41. g4 Rc2 42. Rf5 Bg7 43. Rf7 Bh8 44. g7 Bxg7 45. Rxg7 Ra2 46. Rg6+
Kf7 47. Rxh6 Ra1+ 48. Kd2 Ra2+ 49. Kxd3 Rxa3+ 50. Ke2 Rb3 51. Rxc6 Rxb4 52. Rc3
Rb2+ 53. Kd1 b4 54. Rc7+ Kg6 {=} 55. Rc6+ Kg7 56. Nd2 a3 57. Kc1 Ra2 58. Nc4 b3
59. Kb1 Rf2 60. Nxa3 Rxf3 61. Nc4 e4 62. Ne5 Rf6 63. Rc4 Rf4 64. g5 Rf5 65.
Rc7+ Kg8 66. Ng4 e3 67. Nh6+ 1-0

[Event "4NCL/Div3/MIN vs. SCS"]
[Site "Telford ENG"]
[Date "2003.03.08"]
[Round "5.8"]
[White "Miller, Naomi K"]
[Black "Hegarty, Sarah N"]
[Result "1-0"]
[WhiteElo "1616"]
[BlackElo "1905"]
[PlyCount "77"]
[EventDate "2003.03.08"]

1. e4 Nf6 2. e5 Nd5 3. c4 Nb6 4. c5 Nd5 5. Nc3 Nxc3 6. bxc3 d6 7. cxd6 exd6 8.
exd6 Bxd6 9. d4 O-O 10. Bd3 Re8+ 11. Be3 Qh4 12. Nf3 Rxe3+ 13. Kf1 Rxf3 14.
Qxf3 Nc6 15. Re1 Bd7 16. Re4 Qg5 17. h4 Qc1+ 18. Re1 Qf4 19. Qh5 g6 20. Qd5 Nd8
21. Qb3 Be6 22. Qc2 c5 23. h5 Qf6 24. hxg6 fxg6 25. Qa4 Kg7 26. Re3 cxd4 27.
cxd4 a6 28. Rf3 Qg5 29. Re3 Bd5 30. Be4 Bxe4 31. Rxe4 Qb5+ 32. Qxb5 axb5 33.
Re8 Rb8 34. d5 Nf7 35. Rxb8 Bxb8 36. Ke2 h5 37. Kd3 Kf6 38. Re1 Ne5+ 39. Kd4 {
time} 1-0

[Event "4NCL/Div3/PPA2 vs. BRI2"]
[Site "Telford ENG"]
[Date "2003.03.08"]
[Round "5.1"]
[White "Cheal, Barry"]
[Black "Buckley, David E"]
[Result "1/2-1/2"]
[WhiteElo "2200"]
[BlackElo "2198"]
[PlyCount "40"]
[EventDate "2003.03.08"]

1. d4 d5 2. c4 c6 3. Nf3 e6 4. e3 Bd6 5. Nc3 f5 6. Ne5 Nf6 7. f4 O-O 8. Bd3 Bd7
9. Bd2 Be8 10. Qb3 Qe7 11. O-O Ne4 12. Nxe4 dxe4 13. Be2 c5 14. Bc3 Nc6 15.
Nxc6 Bxc6 16. Rad1 Rfd8 17. Qc2 Rac8 18. b3 Qc7 19. g3 {=} b6 20. Qb2 Be8
1/2-1/2

[Event "4NCL/Div3/PPA2 vs. BRI2"]
[Site "Telford ENG"]
[Date "2003.03.08"]
[Round "5.2"]
[White "Rudd, Jack"]
[Black "Goodger, Martyn"]
[Result "1/2-1/2"]
[WhiteElo "2171"]
[BlackElo "2133"]
[PlyCount "87"]
[EventDate "2003.03.08"]

1. d4 f5 2. g3 Nf6 3. Bg2 e6 4. c4 Be7 5. Nc3 O-O 6. Nh3 d6 7. O-O e5 8. dxe5
dxe5 9. Ng5 e4 10. Qb3 Qe8 11. c5+ Kh8 12. Ne6 Bxe6 13. Qxe6 Qd7 14. Qc4 Qc6
15. Be3 Nbd7 16. b4 Ne5 17. Qb3 Rad8 18. Rfd1 Rxd1+ 19. Rxd1 Rd8 20. Rxd8+ Bxd8
21. Bd4 Qe8 22. Bh3 g6 23. Qd1 Nc6 24. Nd5 Nxd4 25. Qxd4 Qd7 26. c6 bxc6 27.
Qxa7 cxd5 28. e3 Be7 29. Bf1 c6 30. Qb6 Qd6 31. a4 Qxb4 32. Qxc6 d4 33. exd4
Qxd4 34. Bc4 Bc5 35. Qc8+ Kg7 36. Qc7+ Nd7 37. Kh1 Qd1+ 38. Kg2 Qf3+ 39. Kh3
Qh5+ 40. Kg2 Qf3+ 41. Kh3 Qxf2 42. Qxd7+ Kh6 43. Qc7 Bb6 44. Qb7 1/2-1/2

[Event "4NCL/Div3/PPA2 vs. BRI2"]
[Site "Telford ENG"]
[Date "2003.03.08"]
[Round "5.3"]
[White "Sayers, Raymond"]
[Black "Dilleigh, Stephen P"]
[Result "1/2-1/2"]
[WhiteElo "2145"]
[BlackElo "2158"]
[PlyCount "35"]
[EventDate "2003.03.08"]

1. d4 d6 2. e4 Nf6 3. Nc3 g6 4. Be2 Bg7 5. Be3 O-O 6. g4 d5 7. e5 Ne4 8. Nxe4
dxe4 9. h4 c5 10. dxc5 Qxd1+ 11. Rxd1 Nc6 12. c3 Nxe5 13. g5 Be6 14. h5 Bxa2
15. Rh4 Rfd8 16. Rxd8+ Rxd8 17. Rxe4 Bd5 18. Ra4 1/2-1/2

[Event "4NCL/Div3/PPA2 vs. BRI2"]
[Site "Telford ENG"]
[Date "2003.03.08"]
[Round "5.4"]
[White "Curtis, John"]
[Black "Day, Tom W"]
[Result "1/2-1/2"]
[WhiteElo "2143"]
[BlackElo "2116"]
[PlyCount "35"]
[EventDate "2003.03.08"]

1. d4 d5 2. Nf3 Nf6 3. e3 e6 4. Bd3 Be7 5. Nbd2 b6 6. b3 Bb7 7. Bb2 Nbd7 8. O-O
c5 9. Ne5 O-O 10. Qf3 Qc7 11. Qh3 g6 12. f4 Ne4 13. Nxe4 dxe4 14. Bc4 Nxe5 15.
dxe5 Rfd8 16. Qg4 Bf8 17. Rad1 Bg7 18. Qe2 1/2-1/2

[Event "4NCL/Div3/PPA2 vs. BRI2"]
[Site "Telford ENG"]
[Date "2003.03.08"]
[Round "5.5"]
[White "Dignam, Matthew"]
[Black "Easton, Alex"]
[Result "1-0"]
[WhiteElo "2098"]
[BlackElo "2123"]
[PlyCount "53"]
[EventDate "2003.03.08"]

1. d4 Nf6 2. c4 g6 3. Nc3 d5 4. Nf3 Bg7 5. g3 O-O 6. Bg2 dxc4 7. O-O Nfd7 8. e4
Nb6 9. h3 Nc6 10. Be3 a5 11. Qd2 a4 12. Rfd1 a3 13. bxa3 Rxa3 14. Qc1 Ra5 15.
Rb1 Bd7 16. Nd5 Rxa2 17. Nxb6 cxb6 18. Qxc4 Qa8 19. Rxb6 Rc8 20. Qb3 Nd8 21.
Rb1 Qa4 22. Qxa4 Bxa4 23. e5 f6 24. Ne1 fxe5 25. Bd5+ Kf8 26. Bxa2 exd4 27. Bf4
1-0

[Event "4NCL/Div3/PPA2 vs. BRI2"]
[Site "Telford ENG"]
[Date "2003.03.08"]
[Round "5.6"]
[White "Ponter, Ian"]
[Black "Winfridsson, Ola"]
[Result "0-1"]
[WhiteElo "2103"]
[BlackElo "2038"]
[PlyCount "60"]
[EventDate "2003.03.08"]

1. e4 c6 2. d4 d5 3. f3 e6 4. Nc3 Bb4 5. Nge2 Nf6 6. Ng3 c5 7. a3 Ba5 8. Bb5+
Bd7 9. Bxd7+ Nbxd7 10. exd5 Nxd5 11. Bd2 Nxc3 12. Bxc3 Bxc3+ 13. bxc3 Qa5 14.
Ne4 O-O 15. O-O Rad8 16. Qe2 cxd4 17. cxd4 Nb6 18. Rfd1 Qd5 19. Rab1 Rc8 20.
Nc5 e5 21. Nb3 Rfe8 22. dxe5 Rxe5 23. Rxd5 Rxe2 24. Ra5 Rcxc2 25. Rxa7 Rxg2+
26. Kh1 Rxh2+ 27. Kg1 Rcg2+ 28. Kf1 h6 29. Na5 Nd5 30. Nc4 Nf4 0-1

[Event "4NCL/Div3/PPA2 vs. BRI2"]
[Site "Telford ENG"]
[Date "2003.03.08"]
[Round "5.7"]
[White "Retallick, Lloyd"]
[Black "Humphreys, Jerry"]
[Result "1/2-1/2"]
[WhiteElo "1856"]
[BlackElo "2066"]
[PlyCount "107"]
[EventDate "2003.03.08"]

1. d4 Nf6 2. c4 g6 3. Nc3 d5 4. cxd5 Nxd5 5. Na4 Bg7 6. e4 Nb6 7. Nf3 Bg4 8.
Be3 O-O 9. Nc5 Qc8 10. Qc2 Bxf3 11. gxf3 N8d7 12. Be2 c6 13. h4 Rd8 14. h5 Nf8
15. O-O-O Nbd7 16. hxg6 hxg6 17. Bh6 Nxc5 18. Bxg7 Kxg7 19. Qxc5 Qe6 20. Qc3
Qf6 21. Qe3 Ne6 22. Qh6+ Kg8 23. Qh7+ Kf8 24. e5 Qg7 25. Qh4 Ke8 26. Bc4 Nf8
27. Kb1 b5 28. Bb3 c5 29. dxc5 Qxe5 30. Qb4 a6 31. c6 a5 32. Qe4 Qxe4+ 33. fxe4
Rdc8 34. Rc1 a4 35. Bd1 Kd8 36. Be2 Rab8 37. Rhd1+ Kc7 38. Rd5 b4 39. Ra5 Rb6
40. Rxa4 Kd6 41. Ra5 Ne6 42. Bg4 Rbxc6 43. Rd5+ Kc7 44. Rxc6+ Kxc6 45. Bxe6
fxe6 46. Rg5 Kd6 47. Rxg6 Rf8 48. Rg2 Rf4 49. Kc2 Rxe4 50. f3 Re3 51. Rd2+ Kc5
52. Rd3 Re2+ 53. Rd2 Re3 54. Rd3 1/2-1/2

[Event "4NCL/Div3/GUI3 vs. SLO2"]
[Site "Telford ENG"]
[Date "2003.03.09"]
[Round "6.1"]
[White "Briscoe, Christopher"]
[Black "Redpath, Joseph"]
[Result "1/2-1/2"]
[WhiteElo "2187"]
[BlackElo "2184"]
[PlyCount "32"]
[EventDate "2003.03.09"]

1. e4 d6 2. d4 Nf6 3. Nc3 c6 4. Nf3 Bg4 5. Be2 e6 6. d5 cxd5 7. exd5 e5 8. Qd3
Nbd7 9. Bg5 Be7 10. O-O-O O-O 11. Bxf6 Nxf6 12. Kb1 Qd7 13. Qe3 a6 14. h3 Bf5
15. g4 Bg6 16. Nh4 b5 1/2-1/2

[Event "4NCL/Div3/GUI3 vs. SLO2"]
[Site "Telford ENG"]
[Date "2003.03.09"]
[Round "6.2"]
[White "Richmond, Robert J"]
[Black "Norman, Kenneth I"]
[Result "1/2-1/2"]
[WhiteElo "2219"]
[BlackElo "2141"]
[PlyCount "64"]
[EventDate "2003.03.09"]

1. d4 Nf6 2. c4 g6 3. Nc3 d5 4. Bf4 Bg7 5. e3 c5 6. dxc5 Qa5 7. Rc1 dxc4 8.
Bxc4 O-O 9. Nge2 Qxc5 10. Qd4 Qxd4 11. Nxd4 Nbd7 12. Bc7 Nb6 13. Bb3 Bd7 14.
O-O Rfc8 15. Bxb6 axb6 16. Nd5 Nxd5 17. Bxd5 Rxc1 18. Rxc1 Bxd4 19. exd4 e6 20.
Bb3 Bc6 21. f3 Kf8 22. Kf2 Ke7 23. Ke3 Kd6 24. a3 g5 25. g3 f5 26. Bc4 f4+ 27.
gxf4 gxf4+ 28. Kf2 Rg8 29. Re1 Rg6 30. Re5 Rh6 31. Kg2 Rg6+ 32. Kf2 Rh6 1/2-1/2

[Event "4NCL/Div3/GUI3 vs. SLO2"]
[Site "Telford ENG"]
[Date "2003.03.09"]
[Round "6.3"]
[White "Punnett, Alan K"]
[Black "Armstrong, Malcolm J"]
[Result "1-0"]
[WhiteElo "2129"]
[BlackElo "2151"]
[PlyCount "51"]
[EventDate "2003.03.09"]

1. e4 c6 2. Nc3 d5 3. Nf3 dxe4 4. Nxe4 Nf6 5. Nxf6+ gxf6 6. d4 Bf5 7. Bd3 Bg6
8. h4 e6 9. h5 Bxd3 10. Qxd3 Qc7 11. Bd2 Nd7 12. O-O-O Bd6 13. Kb1 O-O-O 14. c4
c5 15. d5 Ne5 16. Nxe5 Bxe5 17. Bc3 b6 18. g3 f5 19. Rhe1 Bxc3 20. Qxc3 Rhe8
21. Qf3 Kb8 22. Rd2 Rd6 23. Qf4 Red8 24. Red1 Kc8 25. b3 Qd7 26. dxe6 1-0

[Event "4NCL/Div3/GUI3 vs. SLO2"]
[Site "Telford ENG"]
[Date "2003.03.09"]
[Round "6.4"]
[White "de Coverly, Roger"]
[Black "Shepley, Julien M"]
[Result "0-1"]
[WhiteElo "2113"]
[BlackElo "2131"]
[PlyCount "78"]
[EventDate "2003.03.09"]

1. e4 d5 2. exd5 Qxd5 3. Nc3 Qd6 4. d4 Nf6 5. Nf3 Bg4 6. h3 Bh5 7. g4 Bg6 8.
Ne5 c6 9. Bg2 Nbd7 10. Bf4 Qb4 11. O-O Nxe5 12. Bxe5 Nd7 13. Re1 Nxe5 14. dxe5
Rd8 15. Qe2 e6 16. Rab1 Be7 17. a3 Qc5 18. Rbd1 O-O 19. Kh1 Bh4 20. Rxd8 Rxd8
21. Rf1 Qd4 22. f4 Qd2 23. f5 Qxe2 24. Nxe2 exf5 25. gxf5 Bh5 26. Nf4 Bd1 27.
Be4 Rd2 28. Ng2 Bg3 29. e6 Kf8 30. f6 fxe6 31. Bxh7 Bxc2 32. fxg7+ Kxg7 33.
Bxc2 Rxc2 34. Rb1 e5 35. Kg1 e4 36. Kf1 Rf2+ 37. Kg1 Rd2 38. b3 e3 39. Ne1 e2
0-1

[Event "4NCL/Div3/GUI3 vs. SLO2"]
[Site "Telford ENG"]
[Date "2003.03.09"]
[Round "6.5"]
[White "Hill, David F"]
[Black "Richardson, Alex"]
[Result "1/2-1/2"]
[WhiteElo "2066"]
[BlackElo "2098"]
[PlyCount "47"]
[EventDate "2003.03.09"]

1. Nf3 c5 2. c4 Nf6 3. g3 d5 4. Bg2 Nc6 5. cxd5 Nxd5 6. O-O e5 7. Nc3 Nc7 8. d3
Be7 9. Nd2 Bd7 10. Nc4 O-O 11. b3 b5 12. Ne3 Kh8 13. Bb2 Rb8 14. Ncd5 Bd6 15.
Rc1 Nxd5 16. Nxd5 Rc8 17. Qd2 Bg4 18. Ne3 Be6 19. Ba3 Nd4 20. Nd1 b4 21. Bb2
Bg4 22. Bxd4 exd4 23. e4 Be6 24. f4 1/2-1/2

[Event "4NCL/Div3/GUI3 vs. SLO2"]
[Site "Telford ENG"]
[Date "2003.03.09"]
[Round "6.6"]
[White "McGowan, Daniel"]
[Black "Allinson, Julian"]
[Result "1/2-1/2"]
[WhiteElo "2141"]
[BlackElo "1872"]
[PlyCount "67"]
[EventDate "2003.03.09"]

1. e4 c6 2. d4 d5 3. exd5 cxd5 4. Bd3 Nc6 5. c3 Nf6 6. Bf4 Bg4 7. Nf3 e6 8.
Nbd2 Bd6 9. Bxd6 Qxd6 10. Qb3 Bxf3 11. Nxf3 O-O 12. O-O Rab8 13. Rfe1 Rfc8 14.
Ne5 b5 15. Rac1 Rc7 16. Qd1 b4 17. cxb4 Rxb4 18. Qc2 Rbb7 19. Qa4 Nb4 20. Bf1
g6 {=} 21. a3 Na2 22. Rc2 Qb6 23. Ra1 Rxc2 24. Qxc2 Rc7 25. Qd2 Ne4 26. Qf4
Qxb2 27. Re1 Qxd4 28. Ng4 Rc2 29. Rb1 Rb2 30. Nh6+ Kg7 31. Qxf7+ Kxh6 32. Qf8+
Kh5 33. Qf3+ Kh6 34. Qf8+ 1/2-1/2

[Event "4NCL/Div3/GUI3 vs. SLO2"]
[Site "Telford ENG"]
[Date "2003.03.09"]
[Round "6.7"]
[White "Stimpson, Philip M"]
[Black "Purton, Ben"]
[Result "1/2-1/2"]
[WhiteElo "1944"]
[BlackElo "2057"]
[PlyCount "30"]
[EventDate "2003.03.09"]

1. e4 c5 2. Nc3 Nc6 3. Nf3 d6 4. Bb5 Bd7 5. Bxc6 bxc6 6. d4 cxd4 7. Qxd4 e5 8.
Qd3 Be7 9. O-O Qc7 10. Rd1 h5 11. h3 Nh6 12. Be3 f6 13. Qc4 Qc8 14. Nh4 Be6 15.
Qe2 Nf7 1/2-1/2

[Event "4NCL/Div3/GUI3 vs. SLO2"]
[Site "Telford ENG"]
[Date "2003.03.09"]
[Round "6.8"]
[White "Houska, Karla"]
[Black "Morris, Claire H"]
[Result "1/2-1/2"]
[WhiteElo "1112"]
[BlackElo "1528"]
[PlyCount "35"]
[EventDate "2003.03.09"]

1. e4 e5 2. Nf3 Nc6 3. d4 exd4 4. c3 dxc3 5. Bc4 d6 6. Nxc3 Be6 7. Bb5 Qd7 8.
O-O Nge7 9. Ng5 h6 10. Nxe6 fxe6 11. Re1 {=} e5 12. Nd5 O-O-O 13. Qa4 a6 14.
Bxa6 bxa6 15. Qxa6+ Kb8 16. Qb5+ Ka8 17. Qa6+ Kb8 18. Qb5+ 1/2-1/2

[Event "4NCL/Div3/NKN1 vs. PPA2"]
[Site "Telford ENG"]
[Date "2003.03.09"]
[Round "6.1"]
[White "Williams, Leighton"]
[Black "Cheal, Barry"]
[Result "1-0"]
[WhiteElo "2349"]
[BlackElo "2200"]
[PlyCount "56"]
[EventDate "2003.03.09"]

1. d4 d5 2. c4 e6 3. Nc3 Nf6 4. Bg5 Be7 5. e3 Nbd7 6. Qc2 c6 7. Bd3 dxc4 8.
Bxc4 b6 9. Nf3 Bb7 10. Rd1 Qc7 11. Bf4 Bd6 12. Bxd6 Qxd6 13. e4 Qe7 14. e5 Nd5
15. Ne4 O-O 16. Nd6 Rab8 17. O-O Ba8 18. Bxd5 exd5 19. Rfe1 c5 20. h4 g6 21.
Qc1 Kg7 22. Qf4 h6 23. Rd3 Qe6 24. Nh2 Bc6 25. Ng4 Rh8 26. Rf3 Rbf8 27. h5 cxd4
28. Qxd4 Nc5 1-0

[Event "4NCL/Div3/NKN1 vs. PPA2"]
[Site "Telford ENG"]
[Date "2003.03.09"]
[Round "6.2"]
[White "Dignam, Matthew"]
[Black "Rees, Ioan"]
[Result "0-1"]
[WhiteElo "2098"]
[BlackElo "2106"]
[PlyCount "124"]
[EventDate "2003.03.09"]

1. d4 Nf6 2. c4 c5 3. e3 g6 4. Nc3 Bg7 5. Nf3 O-O 6. Be2 b6 7. O-O Bb7 8. Qc2
e6 9. Rd1 Qe7 10. a3 d6 11. b4 Nbd7 12. Rb1 cxd4 13. exd4 Rac8 14. Qb3 Ne4 15.
Na4 Bc6 16. Bb2 Ndf6 17. Ne1 d5 18. c5 bxc5 19. Nxc5 Rb8 20. Qe3 Bb5 21. Bxb5
Rxb5 22. Qe2 Rfb8 23. Na6 R8b7 24. a4 R5b6 25. b5 Nd7 26. f3 Nd6 27. Ba3 Qh4
28. Qf2 Qxf2+ 29. Kxf2 Nf5 30. Nc2 Nxd4 31. Nxd4 Bxd4+ 32. Rxd4 Rxa6 33. Rdb4
Ra5 34. Bb2 Nc5 35. Ke3 Rxa4 36. Rxa4 Nxa4 37. Bf6 Nb6 38. Kd4 Kf8 39. h4 Nd7
40. Bd8 Ke8 41. Ba5 Nb6 42. Be1 Kd7 43. Bg3 f6 44. f4 Nc4 45. Be1 Na3 46. Rb2
Nxb5+ 47. Kc5 Rc7+ 48. Kb4 Nd6 49. Ra2 Ne4 50. Kb5 Rb7+ 51. Ka6 Nc5+ 52. Ka5
Rb6 53. Rc2 Nb7+ 54. Ka4 Nd6 55. Ba5 Rb7 56. Bc3 Ne4 57. Bd4 Kd6 58. Ka5 e5 59.
Bg1 d4 60. Rc1 Nc3 61. Ka6 Rb1 62. Rxb1 Nxb1 0-1

[Event "4NCL/Div3/NKN1 vs. PPA2"]
[Site "Telford ENG"]
[Date "2003.03.09"]
[Round "6.3"]
[White "Gandy, Andrew"]
[Black "Sayers, Raymond"]
[Result "1-0"]
[WhiteElo "2097"]
[BlackElo "2145"]
[PlyCount "91"]
[EventDate "2003.03.09"]

1. d4 Nf6 2. Nf3 e6 3. c4 b6 4. a3 Ba6 5. Qc2 c5 6. dxc5 bxc5 7. Bg5 h6 8. Bh4
Bb7 9. Nbd2 Be7 10. e4 d6 11. Bd3 e5 12. b4 Nbd7 13. O-O Nh5 14. Bxe7 Qxe7 15.
Rfd1 Nf4 16. Bf1 a5 17. b5 Ne6 18. g3 O-O 19. Bh3 Nd4 20. Qd3 f5 21. Nxd4 fxe4
22. Nf5 Rxf5 23. Nxe4 Rff8 24. Nxd6 e4 25. Qe2 Ne5 26. Nxb7 Nf3+ 27. Kg2 Nd4
28. Be6+ Nxe6 29. Nd6 Nd4 30. Rxd4 cxd4 31. Nxe4 Rfe8 32. f3 g5 33. g4 Qe5 34.
Qd3 h5 35. h3 Ra7 36. Rd1 Rf7 37. c5 h4 38. c6 Qf4 39. Rd2 Qc7 40. a4 Ref8 41.
Rf2 Re7 42. Qxd4 Rxe4 43. Qxe4 Qg3+ 44. Kf1 Qxh3+ 45. Ke2 Qg3 46. Qe6+ 1-0

[Event "4NCL/Div3/NKN1 vs. PPA2"]
[Site "Telford ENG"]
[Date "2003.03.09"]
[Round "6.4"]
[White "Day, Tom W"]
[Black "Tabatabai, John"]
[Result "1-0"]
[WhiteElo "2116"]
[BlackElo "2052"]
[PlyCount "79"]
[EventDate "2003.03.09"]

1. d4 d6 2. Nf3 Nf6 3. Nc3 Bf5 4. Bg5 Nbd7 5. g3 c6 6. Bg2 d5 7. Nh4 Bg6 8. O-O
Qb6 9. Rb1 e6 10. f4 Ng4 11. f5 exf5 12. Nxf5 Bxf5 13. Rxf5 g6 14. Rf4 f5 15.
Rxg4 fxg4 16. Qd2 Qxd4+ 17. Qxd4 Bc5 18. e3 Bxd4 19. exd4 O-O 20. Rf1 Rf5 21.
Rxf5 gxf5 22. Kf2 Kf7 23. Bf1 Nf6 24. Bxf6 Kxf6 25. Ne2 Ke6 26. Nf4+ Kd6 27.
Bd3 Rf8 28. Nh5 Rf7 29. Ke3 b6 30. Kf4 Ke6 31. Kg5 c5 32. Nf4+ Kd6 33. dxc5+
bxc5 34. Bxf5 c4 35. Kxg4 Rb7 36. b3 Ke5 37. Be6 cxb3 38. axb3 d4 39. Bc4 a5
40. Kh5 1-0